Mickey Mouse Clubhouse Characters - Statistics

General Stats
  • This quiz has been taken 1,054 times
  • The average score is 9 of 18
Answer Stats
Hint Answer % Correct
Title Character Mickey Mouse
99%
Girlfriend of Above Minnie Mouse
97%
Ah Fewy Donald Duck
95%
Gorrsh! -..... Goofy
95%
Girlfriend of Above Daisy Duck
91%
Pet of Title Character Pluto
90%
Evil Cat Pete The Cat
61%
Annoying Chipmunks Chip
57%
Dale
52%
Girlfriend of Gorrsh! Clarabelle Cow
39%
Mechanical Helper Toodles
30%
Minnie's Pet Figaro
27%
Huge Friend Willy the Giant
21%
Evil Mouse Mortimer Mouse
20%
Inventor Professor Ludwig von Drake
17%
Melody Mouse
13%
Nieces of Minnie Millie Mouse
13%
Donald's Pet Boo-Boo Chicken
12%
No matching quizzes found
Score Distribution
Percent of People with Each Score
Percentile by Number Answered
Your Score History
You have not taken this quiz